000 01095nam a2200325 4500
003 EC-UNACH
005 20260318163631.0
006 s||||gr|||| 00| 00
008 150116t9999 mx r gr 000 0 spa d
020 _a84-301-0749-5
040 _aEC-UNACH
_cEC-UNACH
041 _aspa
082 0 4 _223
_a900
_bL018645
100 _aComblin, Joseph
245 _aEl poder militar en América Latina.
250 _aPrimera Edición.
264 _aSalamanca, España.
_bEdiciones Sígueme.
_c1978
300 _a286 páginas.
_c13 x 21 cm.
501 _aIncluye: Contenido, Introducción, Conclusiones, Bibliografía, Índice General.
505 _a1. La doctrina -- 2. El Sistema -- 3. La Seguridad Nacional en los Estados Unidos -- 4. La Seguridad Nacional en América Latina -- 5. La paz y la Política.
650 _aGEOPOLÍTICA
650 _aPODERES
650 _aESTADOS UNIDOS
650 _aAMERICA LATINA
650 _aSEGURIDAD
942 _2ddc
_c1
999 _c14442